[Event "3rd NH Chess Tournament"]
[Site "Amsterdam NED"]
[Date "2009.08.20"]
[Round "1"]
[White "Van Wely,L"]
[Black "Caruana,F"]
[Result "1/2-1/2"]
[WhiteElo "2655"]
[BlackElo "2670"]
[EventDate "2009.08.20"]

1. c4 Nf6 2. Nc3 e5 3. Nf3 Nc6 4. g3 Nd4 5. Bg2 Nxf3+ 6. Bxf3 Bb4 7. Qb3
Bc5 8. d3 c6 9. O-O O-O 10. Rd1 h6 11. Bg2 Re8 12. h3 Bb6 13. Na4 Bc7 14.
e4 d6 15. Be3 Be6 16. Qc2 b5 17. cxb5 cxb5 18. Nc3 Bb6 19. d4 Qc8 20. dxe5
dxe5 21. Bxb6 axb6 22. Qe2 1/2-1/2

[Event "3rd NH Chess Tournament"]
[Site "Amsterdam NED"]
[Date "2009.08.21"]
[Round "2"]
[White "Smeets,J"]
[Black "Nielsen,PH"]
[Result "1/2-1/2"]
[WhiteElo "2632"]
[BlackElo "2680"]
[EventDate "2009.08.20"]

1. e4 c5 2. Nf3 d6 3. d4 cxd4 4. Nxd4 Nf6 5. Nc3 a6 6. Be2 e5 7. Nb3 Be7 8.
O-O O-O 9. Be3 Be6 10. a4 Nbd7 11. a5 Rc8 12. f3 Qc7 13. Qd2 Rfd8 14. Rfd1
d5 15. exd5 Nxd5 16. Nxd5 Bxd5 17. Qxd5 Nf6 18. Qc4 Rxd1+ 19. Rxd1 Qxc4 20.
Bxc4 Rxc4 21. c3 Kf8 1/2-1/2

[Event "3rd NH Chess Tournament"]
[Site "Amsterdam NED"]
[Date "2009.08.21"]
[Round "2"]
[White "Stellwagen,D"]
[Black "Svidler,P"]
[Result "1/2-1/2"]
[WhiteElo "2630"]
[BlackElo "2739"]
[EventDate "2009.08.20"]

1. e4 c5 2. Nf3 e6 3. d4 cxd4 4. Nxd4 a6 5. Nc3 b5 6. Bd3 d6 7. O-O Nf6 8.
Qe2 Be7 9. b4 Qb6 10. Be3 Qc7 11. Bd2 Nfd7 12. f4 O-O 13. a4 bxa4 14. Nxa4
Bb7 15. Nb2 d5 16. e5 Nc6 17. c3 g6 18. Kh1 Rfc8 19. Be3 Nb6 20. Bxa6 Rxa6
21. Rxa6 Bxa6 22. Qxa6 Nb8 23. Nxe6 Nxa6 24. Nxc7 Rxc7 25. Bxb6 Rxc3 26. b5
Nc5 27. Bxc5 1/2-1/2

[Event "3rd NH Chess Tournament"]
[Site "Amsterdam NED"]
[Date "2009.08.21"]
[Round "2"]
[White "Caruana,F"]
[Black "Beliavsky,A"]
[Result "1/2-1/2"]
[WhiteElo "2670"]
[BlackElo "2662"]
[EventDate "2009.08.20"]

1. e4 e5 2. Nf3 Nc6 3. Bb5 a6 4. Ba4 Nf6 5. O-O Be7 6. Re1 b5 7. Bb3 O-O 8.
c3 d6 9. d4 Bg4 10. Be3 exd4 11. cxd4 Na5 12. Bc2 c5 13. dxc5 dxc5 14. Nc3
Nc4 15. e5 Nd7 16. Bf4 Re8 17. h3 Be6 18. Nd5 Bxd5 19. Qxd5 Nf8 20. Qxd8
Raxd8 21. Bc1 Ne6 22. b3 Nb6 23. Bd2 c4 24. Ba5 Rb8 25. Red1 Rec8 26. Be4
Nc5 27. Bf5 Re8 28. Nd4 g6 29. Bc2 Rec8 30. Rab1 cxb3 31. axb3 Nd5 32. Ra1
b4 33. Ne2 Nc7 34. Nf4 N5e6 35. Bxc7 Rxc7 36. Nxe6 Rxc2 37. Nd4 Rc5 38.
Rdc1 Kf8 39. Rxc5 Bxc5 40. Nc6 Rb6 41. Na5 Bd4 42. Ra4 Bxe5 1/2-1/2

[Event "3rd NH Chess Tournament"]
[Site "Amsterdam NED"]
[Date "2009.08.22"]
[Round "3"]
[White "Ljubojevic,L"]
[Black "Stellwagen,D"]
[Result "1-0"]
[WhiteElo "2553"]
[BlackElo "2630"]
[EventDate "2009.08.20"]

1. d4 d5 2. Nf3 Nf6 3. c4 c6 4. Nc3 dxc4 5. a4 Bf5 6. e3 e6 7. Bxc4 Bb4 8.
O-O O-O 9. Qb3 Qb6 10. Nh4 Nbd7 11. Nxf5 exf5 12. Rd1 Rac8 13. Bd2 c5 14.
Bb5 Rfd8 15. a5 Qd6 16. dxc5 Bxc5 17. Be1 Qe7 18. Nd5 Nxd5 19. Rxd5 g6 20.
Rad1 Nf6 21. Rxd8+ Rxd8 22. Rxd8+ Qxd8 23. Bc4 Qc7 24. g3 Bd6 25. Qd3 Be5
26. b4 Ne4 27. Kg2 Kg7 28. b5 Nd6 29. Bd5 Qc5 30. a6 bxa6 31. bxa6 Qb6 32.
Bb3 Qc6+ 33. Qd5 Qxd5+ 34. Bxd5 Nb5 35. f3 Bd6 36. Bc4 Na3 37. Bc3+ Kf8 38.
Bd3 Bc5 39. e4 fxe4 40. fxe4 Ke7 41. Kf3 Kd6 42. Kf4 h6 43. Bg7 Kc6 44. Ke5
Be7 45. Bxh6 Nb5 46. Be3 1-0

[Event "3rd NH Chess Tournament"]
[Site "Amsterdam NED"]
[Date "2009.08.22"]
[Round "3"]
[White "Van Wely,L"]
[Black "Hou Yifan"]
[Result "1/2-1/2"]
[WhiteElo "2655"]
[BlackElo "2584"]
[EventDate "2009.08.20"]

1. d4 e6 2. c4 Nf6 3. Nf3 b6 4. g3 Bb4+ 5. Bd2 Bxd2+ 6. Qxd2 Ba6 7. b3 O-O
8. Bg2 d5 9. O-O c6 10. Rc1 Nbd7 11. a4 h6 12. Na3 Bb7 13. cxd5 cxd5 14. b4
Rc8 15. e3 Qe7 16. Qb2 Rxc1+ 17. Rxc1 Rc8 18. Rxc8+ Bxc8 19. Nb5 a6 20. Nc3
Qd8 21. Nd2 Qc7 22. Bf1 Nb8 23. Bd3 Nc6 24. b5 axb5 25. axb5 Na5 26. Na4
Ne8 27. Qc2 Qxc2 28. Bxc2 Bd7 29. Bd3 Nd6 30. Nxb6 Bxb5 31. Bxb5 Nxb5
1/2-1/2

[Event "3rd NH Chess Tournament"]
[Site "Amsterdam NED"]
[Date "2009.08.23"]
[Round "4"]
[White "Caruana,F"]
[Black "Svidler,P"]
[Result "1/2-1/2"]
[WhiteElo "2670"]
[BlackElo "2739"]
[EventDate "2009.08.20"]

1. d4 d5 2. c4 c6 3. Nf3 Nf6 4. e3 a6 5. Nc3 b5 6. c5 g6 7. Ne5 Bg7 8. Be2
O-O 9. O-O Be6 10. f4 Ne4 11. a4 f6 12. Nd3 Nd7 13. Nb4 Qc7 14. Nxe4 dxe4
15. Bd2 f5 16. Qc2 Nf6 17. Ra3 Qb7 18. axb5 axb5 19. Rfa1 Rxa3 20. bxa3 Nd5
21. Nxd5 Bxd5 22. a4 bxa4 23. Rxa4 Rb8 24. Rb4 Qa7 25. Bc4 Bxc4 26. Qxc4+
Kf8 27. h3 Rxb4 28. Qxb4 Qa2 29. Be1 Bf6 30. Bf2 h5 31. Qb7 1/2-1/2

[Event "3rd NH Chess Tournament"]
[Site "Amsterdam NED"]
[Date "2009.08.24"]
[Round "5"]
[White "Van Wely,L"]
[Black "Smeets,J"]
[Result "1/2-1/2"]
[WhiteElo "2655"]
[BlackElo "2632"]
[EventDate "2009.08.20"]

1. d4 d5 2. c4 c6 3. Nf3 Nf6 4. Nc3 dxc4 5. a4 Bf5 6. e3 e6 7. Bxc4 Bb4 8.
O-O Nbd7 9. Nh4 Bg4 10. f3 Bh5 11. g4 g5 12. Ng2 Bg6 13. e4 h6 14. Qb3 Qb6
15. Be3 h5 16. e5 Nd5 17. Nxd5 exd5 18. Bd3 Bd2 19. Qxb6 Bxe3+ 20. Nxe3
axb6 21. Bf5 Nf8 22. f4 gxf4 23. Rxf4 hxg4 24. Rxg4 Ke7 25. Bxg6 fxg6 26.
Rf1 Rh7 27. b3 Ne6 28. h4 Rah8 29. Rf6 Rxh4 30. Rgxg6 Nxd4 31. Rg7+ Kd8 32.
e6 Re4 33. Rxb7 Kc8 34. Rff7 Nxe6 35. Ra7 Kb8 36. Rfb7+ Kc8 37. Rf7 Kb8 38.
Rfb7+ Kc8 1/2-1/2

[Event "3rd NH Chess Tournament"]
[Site "Amsterdam NED"]
[Date "2009.08.26"]
[Round "6"]
[White "Hou Yifan"]
[Black "Svidler,P"]
[Result "1/2-1/2"]
[WhiteElo "2584"]
[BlackElo "2739"]
[EventDate "2009.08.20"]

1. e4 g6 2. d4 Bg7 3. Nc3 d6 4. Be3 c6 5. Qd2 Nd7 6. Nf3 Qa5 7. Bd3 Ngf6 8.
Bh6 O-O 9. h4 Bxh6 10. Qxh6 Ng4 11. Qg5 Qxg5 12. hxg5 f6 13. gxf6 Ndxf6 14.
Nd2 e5 15. Ne2 exd4 16. Nxd4 d5 17. exd5 Re8+ 18. Kf1 Nxd5 1/2-1/2

[Event "3rd NH Chess Tournament"]
[Site "Amsterdam NED"]
[Date "2009.08.26"]
[Round "6"]
[White "Stellwagen,D"]
[Black "Nielsen,PH"]
[Result "1/2-1/2"]
[WhiteElo "2630"]
[BlackElo "2680"]
[EventDate "2009.08.20"]

1. e4 e5 2. Nf3 Nc6 3. Bb5 Nf6 4. O-O Bc5 5. c3 O-O 6. d4 Bb6 7. Bg5 h6 8.
Bh4 d6 9. Bxc6 bxc6 10. Nbd2 exd4 11. cxd4 Re8 12. Qa4 Bd7 13. e5 g5 14.
Nxg5 hxg5 15. Bxg5 dxe5 16. dxe5 Rxe5 17. Qh4 Rxg5 18. Qxg5+ Kh8 19. Rad1
Nh7 20. Qxd8+ Rxd8 21. Nc4 Nf8 22. Ne5 Kg7 23. g3 Bc5 24. Nxd7 Nxd7 25. Kg2
Bd6 26. f4 Rb8 27. b3 1/2-1/2

[Event "3rd NH Chess Tournament"]
[Site "Amsterdam NED"]
[Date "2009.08.26"]
[Round "6"]
[White "Caruana,F"]
[Black "Van Wely,L"]
[Result "1/2-1/2"]
[WhiteElo "2670"]
[BlackElo "2655"]
[EventDate "2009.08.20"]

1. e4 c5 2. Nf3 d6 3. d4 cxd4 4. Nxd4 Nf6 5. Nc3 a6 6. Be2 e6 7. O-O Be7 8.
f4 O-O 9. Be3 Nc6 10. Kh1 Qc7 11. Qe1 Bd7 12. Qg3 Kh8 13. Bf3 Rac8 14. Rae1
b5 15. a3 e5 16. Nf5 Bxf5 17. exf5 Nd4 18. Bxd4 exd4 19. Nd5 Nxd5 20. Bxd5
Bf6 21. Be4 Rfe8 22. Qf3 Re7 23. Bd3 Re3 24. Qh5 Rce8 25. Rd1 Qb7 26. Rd2
Re1 27. Rd1 Rxd1 28. Qxd1 Re3 29. Qd2 h5 30. Kg1 h4 31. Qf2 Kg8 32. g3 Qc6
33. Qg2 Qe8 34. Qf2 Qc6 35. Qg2 Qe8 36. Kh1 Re1 37. Qf2 Qc6+ 38. Kg1
1/2-1/2

[Event "3rd NH Chess Tournament"]
[Site "Amsterdam NED"]
[Date "2009.08.28"]
[Round "7"]
[White "Svidler,P"]
[Black "Stellwagen,D"]
[Result "1/2-1/2"]
[WhiteElo "2739"]
[BlackElo "2630"]
[EventDate "2009.08.20"]

1. e4 c6 2. d4 d5 3. e5 Bf5 4. Nf3 e6 5. Be2 c5 6. Be3 Qb6 7. Nc3 Nc6 8.
O-O Qxb2 9. Qe1 cxd4 10. Bxd4 Nxd4 11. Nxd4 Bb4 12. Rb1 Qxc3 13. Rxb4 Qxe1
14. Rxe1 b6 15. Bb5+ Kf8 16. Nxf5 exf5 17. Bc6 Rd8 18. Ra4 Ne7 19. Bb7 Rd7
20. Rxa7 g6 21. Ra8+ Kg7 22. Rxh8 Kxh8 23. Ba6 Ra7 24. Bd3 Rxa2 25. Rb1 Nc6
26. f4 Nd4 27. Rxb6 Nxc2 28. Bxc2 Rxc2 29. Rb7 Kg8 30. Rb8+ Kg7 31. Rb7 Kf8
32. Rd7 Rd2 33. h4 Ke8 34. Rd6 d4 35. g3 d3 36. Kf1 Rd1+ 37. Kf2 Ke7 38.
Ke3 d2 39. Rd3 f6 40. Ke2 Rg1 41. exf6+ Kxf6 1/2-1/2

[Event "3rd NH Chess Tournament"]
[Site "Amsterdam NED"]
[Date "2009.08.28"]
[Round "7"]
[White "Nielsen,PH"]
[Black "Smeets,J"]
[Result "1-0"]
[WhiteElo "2680"]
[BlackElo "2632"]
[EventDate "2009.08.20"]

1. d4 d5 2. c4 c6 3. Nf3 Nf6 4. Nc3 dxc4 5. a4 Bf5 6. e3 e6 7. Bxc4 Bb4 8.
O-O O-O 9. Qe2 Bg6 10. Ne5 Nbd7 11. Nxg6 hxg6 12. Rd1 Qa5 13. Qc2 Rac8 14.
Be2 Rfe8 15. e4 e5 16. dxe5 Qxe5 17. f3 g5 18. Kh1 Nf8 19. Bc4 Ne6 20. Ne2
Bd6 21. g3 Bf8 22. Qc3 Nc5 23. Qxe5 Rxe5 24. Nc3 a5 25. Be3 Nfd7 26. Bf1
Nb6 27. Bh3 Ra8 28. b3 f6 29. Rac1 Kf7 30. Ne2 Ra6 31. Nd4 g6 32. Bf2 Ke8
33. Rc2 Be7 34. Ne2 Nbd7 35. Bd4 Nxb3 36. Bxd7+ 1-0

[Event "3rd NH Chess Tournament"]
[Site "Amsterdam NED"]
[Date "2009.08.28"]
[Round "7"]
[White "Ljubojevic,L"]
[Black "Hou Yifan"]
[Result "1/2-1/2"]
[WhiteElo "2553"]
[BlackElo "2584"]
[EventDate "2009.08.20"]

1. d4 Nf6 2. c4 e6 3. Nf3 d5 4. Nc3 Bb4 5. Bg5 Nbd7 6. Qa4 c5 7. cxd5 exd5
8. dxc5 Bxc3+ 9. bxc3 O-O 10. Qb4 h6 11. Bh4 Re8 12. Nd4 a5 13. Qb5 Qc7 14.
Bg3 Qxc5 15. Qxc5 Nxc5 16. f3 Bd7 17. Kd2 b5 18. e3 b4 19. cxb4 axb4 20.
Be2 Ra5 21. Rhb1 Rea8 22. Rb2 b3 23. Nxb3 Nxb3+ 24. Rxb3 Rxa2+ 25. Rxa2
Rxa2+ 26. Ke1 Bf5 27. Rb5 Ra3 28. Kf2 Ra2 29. Kf1 Ra3 30. Bf4 Ra1+ 31. Kf2
Ra2 32. Be5 Bd3 33. Rb2 Rxb2 34. Bxb2 Bxe2 35. Kxe2 Ne8 36. Be5 f6 37. Bb8
h5 38. g4 g6 39. Kd3 Kf7 40. Kd4 Ke6 41. h3 hxg4 42. fxg4 g5 43. Kc5 Ng7
44. Kc6 Ne8 45. Bg3 Ng7 46. Bc7 Ne8 47. Bd8 Ng7 48. Bb6 Ne8 49. Bd4 Ng7 50.
Bc5 Ne8 51. Bf8 Kf7 52. Bd6 Ke6 53. Bb8 Ng7 54. Bg3 Ne8 55. h4 gxh4 56.
Bxh4 Ng7 57. Bg3 f5 58. g5 Nh5 59. Bc7 f4 60. exf4 d4 61. Kc5 d3 62. Ba5
Nxf4 1/2-1/2

[Event "3rd NH Chess Tournament"]
[Site "Amsterdam NED"]
[Date "2009.08.28"]
[Round "7"]
[White "Beliavsky,A"]
[Black "Caruana,F"]
[Result "1-0"]
[WhiteElo "2662"]
[BlackElo "2670"]
[EventDate "2009.08.20"]

1. d4 Nf6 2. c4 e6 3. Nf3 b6 4. a3 Ba6 5. Qc2 Bb7 6. Nc3 c5 7. e4 cxd4 8.
Nxd4 Bc5 9. Nb3 Be7 10. Bf4 d6 11. Rd1 O-O 12. e5 Nh5 13. Be3 Bg5 14. Qc1
Bxe3 15. Qxe3 Nc6 16. Rxd6 Qh4 17. Rd7 Rab8 18. g3 Qg4 19. h3 Qf5 20. Rxb7
Rxb7 21. Bg2 Rc7 22. Bxc6 f6 23. Be4 Qxe5 24. f4 Qd6 25. Nb5 1-0

[Event "3rd NH Chess Tournament"]
[Site "Amsterdam NED"]
[Date "2009.08.30"]
[Round "9"]
[White "Svidler,P"]
[Black "Caruana,F"]
[Result "0-1"]
[WhiteElo "2739"]
[BlackElo "2670"]
[EventDate "2009.08.20"]

1. e4 e5 2. Nf3 Nc6 3. Bb5 a6 4. Ba4 Nf6 5. O-O Nxe4 6. d4 b5 7. Bb3 d5 8.
dxe5 Be6 9. Nbd2 Nc5 10. c3 Be7 11. Bc2 d4 12. cxd4 Nxd4 13. Nxd4 Qxd4 14.
Nf3 Qxd1 15. Rxd1 O-O 16. Nd4 Rfd8 17. Be3 Bd5 18. Nf5 Bf8 19. Bg5 Rd7 20.
Ne7+ Bxe7 21. Bxe7 Ne6 22. Be4 c6 23. Bxd5 Rxd5 24. Rxd5 cxd5 25. Rc1 h5
26. f3 Kh7 27. Kf2 Nf4 28. Rd1 Rc8 29. Rd2 d4 30. g4 Ne6 31. h4 Rc7 32. Bb4
g5 33. hxg5 h4 34. Ba5 Rc6 35. f4 Nxf4 36. Rxd4 Ne6 37. Rd2 Kg6 38. Bd8 Rc4
39. Bf6 Rxg4 40. Kf3 Kf5 41. Rh2 Nf4 42. a3 Rg3+ 43. Kf2 Kg4 0-1

[Event "3rd NH Chess Tournament"]
[Site "Amsterdam NED"]
[Date "2009.08.31"]
[Round "10"]
[White "Smeets,J"]
[Black "Van Wely,L"]
[Result "1/2-1/2"]
[WhiteElo "2632"]
[BlackElo "2655"]
[EventDate "2009.08.20"]

1. e4 c5 2. Nf3 e6 3. d4 cxd4 4. Nxd4 Nf6 5. Nc3 d6 6. Be2 a6 7. O-O Be7 8.
a4 Nc6 9. Be3 O-O 10. f4 Qc7 11. Kh1 Re8 12. Bf3 Bf8 13. Qd2 Rb8 14. Qf2 e5
15. fxe5 dxe5 16. Nb3 Be6 17. Bb6 Qc8 18. Rac1 Nb4 1/2-1/2

[Event "3rd NH Chess Tournament"]
[Site "Amsterdam NED"]
[Date "2009.08.31"]
[Round "10"]
[White "Hou Yifan"]
[Black "Nielsen,PH"]
[Result "0-1"]
[WhiteElo "2584"]
[BlackElo "2680"]
[EventDate "2009.08.20"]

1. e4 e5 2. Nf3 Nc6 3. Bc4 Bc5 4. c3 Nf6 5. d3 d6 6. Bb3 a6 7. h3 Ba7 8.
O-O h6 9. Re1 g5 10. Nh2 Rg8 11. Be3 g4 12. Bxa7 gxh3 13. g3 Nxa7 14. Nd2
h5 15. Kh1 Qe7 16. Ba4+ c6 17. d4 h4 18. dxe5 dxe5 19. Nc4 hxg3 20. fxg3
Nb5 21. Bxb5 axb5 22. Nd6+ Kf8 23. Qd2 Rg6 24. Nf5 Bxf5 25. exf5 Rxg3 26.
Qh6+ Ke8 27. Qh4 Rg8 28. Nf3 Ng4 29. Qg3 e4 30. Rxe4 Qxe4 31. Re1 Qxe1+ 32.
Qxe1+ Kd7 33. Qd2+ Kc7 34. Ng5 Rad8 35. Qf4+ Kc8 36. Qxg4 f6 37. Qe2 Rxg5
38. Qe6+ Kc7 39. Qxf6 Rg2 40. Qe7+ Kc8 41. Qe1 Rdd2 42. Qe8+ Kc7 43. Qe5+
Kb6 44. Qe3+ Ka6 45. Qxh3 Rge2 46. Qf1 Rf2 47. Qg1 Rxf5 48. Qe1 Rff2 49.
Kg1 Rg2+ 50. Kf1 Rh2 0-1